| 000 | 00829nam a22002537a 4500 | ||
|---|---|---|---|
| 001 | 22129 | ||
| 005 | 20260327123933.0 | ||
| 008 | 260325b |||||||| |||| 00| 0 spa d | ||
| 020 | _a9781107675964 | ||
| 041 | _aING | ||
| 082 |
_a421.071 _bR54 |
||
| 100 |
_aRichards, Jack C. _eAUT |
||
| 245 | _aApproaches and methods in language teaching | ||
| 250 | _aThird Edition | ||
| 260 |
_aCambridge : _bCambridge University Press, _c2016 |
||
| 300 |
_aix, 409 páginas : _btablas ; _c25 cm. |
||
| 440 | _a ; | ||
| 650 | _aLEN | ||
| 653 | _aInglés - Estudio y enseñanza; Inglés - Métodos - Enseñanza | ||
| 654 | _aCTP | ||
| 700 |
_aRodgers, Theodore _cAUT |
||
| 856 |
_uhttps://itmsp.museknowledge.com/UCSP?groupID=2&action=source&sourceID=GaleIFME_IP _zVéase además: Base de datos Gale |
||
| 942 |
_cLIB _dJUS _fTRC _n0 _2ddc |
||
| 999 |
_c22129 _d22129 |
||